[Event "IECC CL8-2001.23"]
[Site "IECC email"]
[Date "2001.11.06"]
[Round "?"]
[White "Butcher, Robert Evan Sr"]
[Black "Poade, Mat"]
[Result "0-1"]
[WhiteElo "927"]
[BlackElo "933"]
[PlyCount "88"]
[EventDate "2001.??.??"]
[EventType "tourn (corr)"]
[EventRounds "4"]
[SourceTitle "Corr 2008"]
[Source "ChessBase"]
[SourceDate "2008.06.24"]
[SourceVersion "1"]
[SourceVersionDate "2008.06.24"]
[SourceQuality "1"]

1. e4 e5 2. Bc4 Nf6 3. Nc3 Bb4 4. Nf3 d6 5. 0-0 0-0 6. a3 Bxc3 7. bxc3 Nxe4 8. Re1 d5 9. Bb3 Bg4 10. Qe2 c5 11. d3 Nxc3 12. Qe3 e4 13. d4 exf3 14. Qxc3 fxg2 15. Qg3 Qa5 16. f3 Qc3 17. Be3 cxd4 18. fxg4 dxe3 19. Rad1 d4 20. Qxg2 Nd7 21. Rf1 Nc5 22. Bd5 Rae8 23. Rc1 Re5 24. Qf3 Ne6 25. Rb1 b6 26. Rb3 Qxc2 27. Rb4 Ng5 28. Bxf7+ Nxf7 29. Rxd4 Qc5 30. Rf4 e2+ 31. Kg2 exf1Q+ 32. Qxf1 Ng5 33. Rxf8+ Qxf8 34. Qc4+ Qf7 35. Qxf7+ Kxf7 36. h4 Re4 37. hxg5 Rxg4+ 38. Kf3 Rxg5 39. Ke4 Ra5 40. Kd4 Rxa3 41. Kc4 h5 42. Kb4 Rg3 43. Kb5 h4 44. Ka6 h3 0-1

[Event "IECC CL8-2001.23"]
[Site "IECC email"]
[Date "2001.11.06"]
[Round "?"]
[White "Mitchell, TT."]
[Black "Poade, Mat"]
[Result "1/2-1/2"]
[WhiteElo "933"]
[BlackElo "914"]
[PlyCount "68"]
[EventDate "2001.??.??"]
[EventType "tourn (corr)"]
[EventRounds "4"]
[SourceTitle "Corr 2008"]
[Source "ChessBase"]
[SourceDate "2008.06.24"]
[SourceVersion "1"]
[SourceVersionDate "2008.06.24"]
[SourceQuality "1"]

1. e4 e5 2. c4 Nf6 3. d3 c6 4. Nf3 d5 5. cxd5 cxd5 6. Nxe5 dxe4 7. Nxf7 Kxf7 8. Qb3+ Qd5 9. Qxd5+ Nxd5 10. dxe4 Nb6 11. Be3 Bb4+ 12. Nc3 Re8 13. Bxb6 axb6 14. Bc4+ Kf8 15. 0-0 Bxc3 16. bxc3 Rxe4 17. Bd3 Rh4 18. Rfe1 Ra3 19. g3 Rh6 20. Bb5 Bd7 21. Bxd7 Nxd7 22. Rad1 Nf6 23. Rd8+ Kf7 24. Re2 Rxc3 25. Rd6 Ng4 26. Rd7+ Kg6 27. Rd6+ Kh5 28. Rd5+ g5 29. h4 Rc5 30. Rxg5+ Rxg5 31. hxg5 Kxg5 32. Re7 Rf6 33. Rxh7 Rxf2 34. Rg7+ Kf5 1/2-1/2

[Event "IECC CL8-2001.23"]
[Site "IECC email"]
[Date "2001.11.06"]
[Round "?"]
[White "Poade, Mat"]
[Black "Howard, Will"]
[Result "1-0"]
[WhiteElo "915"]
[BlackElo "979"]
[PlyCount "91"]
[EventDate "2001.??.??"]
[EventType "tourn (corr)"]
[EventRounds "4"]
[SourceTitle "Corr 2008"]
[Source "ChessBase"]
[SourceDate "2008.06.24"]
[SourceVersion "1"]
[SourceVersionDate "2008.06.24"]
[SourceQuality "1"]

1. e4 e5 2. f4 Nc6 3. Nf3 exf4 4. d4 Nf6 5. Bxf4 Nxe4 6. Qe2 d5 7. Nc3 Bf5 8. h3 Bd6 9. Bxd6 Qxd6 10. g4 Bg6 11. Nb5 Qg3+ 12. Kd1 0-0 13. Rg1 Qf4 14. Nd2 Nxd2 15. Qxd2 Qf3+ 16. Qe2 Be4 17. Qxf3 Bxf3+ 18. Be2 Bxe2+ 19. Kxe2 Rae8+ 20. Kd2 Re7 21. Rae1 Rxe1 22. Rxe1 h6 23. c3 f5 24. Nxc7 f4 25. Nxd5 f3 26. Rf1 g5 27. Ke3 Rd8 28. Ke4 Re8+ 29. Kxf3 Rf8+ 30. Kg2 Rd8 31. Nf6+ Kf7 32. Nh5+ Ke7 33. b4 b5 34. Rf6 Rd6 35. Rxd6 Kxd6 36. Ng3 Ne7 37. Nf5+ Nxf5 38. gxf5 Ke7 39. Kg3 h5 40. d5 a6 41. a3 Kd6 42. h4 gxh4+ 43. Kxh4 Ke5 44. d6 Kxd6 45. Kxh5 Ke7 46. Kg6 1-0